<?xml version="1.0" encoding="UTF-8"?>
<record
    xmlns:xsi="http://www.w3.org/2001/XMLSchema-instance"
    xsi:schemaLocation="http://www.loc.gov/MARC21/slim http://www.loc.gov/standards/marcxml/schema/MARC21slim.xsd"
    xmlns="http://www.loc.gov/MARC21/slim">

  <leader>01127naa a22002777i 4500</leader>
  <controlfield tag="001">232439</controlfield>
  <controlfield tag="003">ES-MaBCM</controlfield>
  <controlfield tag="005">20260226142730.0</controlfield>
  <controlfield tag="008">260223s2024    sp ||||| ||||o00| 0 spa d</controlfield>
  <datafield tag="040" ind1=" " ind2=" ">
    <subfield code="c">ES-MaBCM</subfield>
  </datafield>
  <datafield tag="100" ind1="1" ind2=" ">
    <subfield code="a">Orozco Mart&#xED;nez, Carolina</subfield>
    <subfield code="9">131180</subfield>
  </datafield>
  <datafield tag="245" ind1="0" ind2="0">
    <subfield code="a">Vivienda e inmigraci&#xF3;n :</subfield>
    <subfield code="b">el subarriendo y la vivienda compartida a trav&#xE9;s de los hogares sin n&#xFA;cleo = Housing and immigration : subletting and shared housing through no family households</subfield>
    <subfield code="c">Carolina Orozco-Mart&#xED;nez, Jordi Bayona-i-Carrasco, Fernando Gil-Alonso</subfield>
  </datafield>
  <datafield tag="500" ind1=" " ind2=" ">
    <subfield code="a">Contiene gr&#xE1;ficos</subfield>
  </datafield>
  <datafield tag="500" ind1=" " ind2=" ">
    <subfield code="a">Contiene tablas</subfield>
  </datafield>
  <datafield tag="504" ind1=" " ind2=" ">
    <subfield code="a">Incluye referencias bibliogr&#xE1;ficas</subfield>
  </datafield>
  <datafield tag="504" ind1=" " ind2=" ">
    <subfield code="a">Incluye bibliograf&#xED;a</subfield>
  </datafield>
  <datafield tag="650" ind1=" " ind2="7">
    <subfield code="a">Arrendamiento inmobiliario</subfield>
    <subfield code="9">57602</subfield>
  </datafield>
  <datafield tag="650" ind1=" " ind2="0">
    <subfield code="a">Persona desfavorecida</subfield>
    <subfield code="9">130757</subfield>
  </datafield>
  <datafield tag="650" ind1=" " ind2="0">
    <subfield code="a">Migrante</subfield>
    <subfield code="9">125799</subfield>
  </datafield>
  <datafield tag="650" ind1=" " ind2="7">
    <subfield code="a">Sociolog&#xED;a urbana</subfield>
    <subfield code="9">60317</subfield>
  </datafield>
  <datafield tag="651" ind1=" " ind2="0">
    <subfield code="a">Barcelona</subfield>
    <subfield code="9">117207</subfield>
  </datafield>
  <datafield tag="700" ind1="1" ind2=" ">
    <subfield code="a">Bayona, Jordi</subfield>
    <subfield code="9">91501</subfield>
  </datafield>
  <datafield tag="700" ind1="1" ind2=" ">
    <subfield code="a">Gil Alonso, Fernando</subfield>
    <subfield code="9">84975</subfield>
  </datafield>
  <datafield tag="773" ind1="0" ind2=" ">
    <subfield code="d">Madrid</subfield>
    <subfield code="g">N. 221 (oto&#xF1;o 2024), 20 p. - Loc. En l&#xED;nea</subfield>
    <subfield code="t">Ciudad y territorio : estudios territoriales</subfield>
    <subfield code="w">105070</subfield>
  </datafield>
  <datafield tag="942" ind1=" " ind2=" ">
    <subfield code="2">udc</subfield>
    <subfield code="c">AREV</subfield>
  </datafield>
  <datafield tag="999" ind1=" " ind2=" ">
    <subfield code="c">232439</subfield>
    <subfield code="d">232439</subfield>
  </datafield>
  <datafield tag="952" ind1=" " ind2=" ">
    <subfield code="0">0</subfield>
    <subfield code="1">0</subfield>
    <subfield code="2">udc</subfield>
    <subfield code="4">0</subfield>
    <subfield code="7">0</subfield>
    <subfield code="a">BC</subfield>
    <subfield code="b">BC</subfield>
    <subfield code="c">SALA</subfield>
    <subfield code="d">2026-02-23</subfield>
    <subfield code="l">0</subfield>
    <subfield code="r">2026-02-23 13:52:39</subfield>
    <subfield code="w">2026-02-23</subfield>
    <subfield code="y">AREV</subfield>
  </datafield>
</record>
